000 00356nam a2200157Ia 4500
003 0STCL
008 150530s9999 xx 000 0 und d
040 _aSTCL
_cSTCL
100 _aRobinson, J.W.
245 _aUndergraduate instrumental analysis
260 _c1970
546 _aEnglish
942 _2ddc
_cBK
999 _c33654
_d33654
005 20220125170315.0